000 01399nam a2200313 a 4500
999 _c392587
_d392587
003 BLK
005 20250614120337.0
008 200925b bu |||||r|||| 00| 0 bu d
020 _a9786191995745
040 _aBLK
041 _aBUL
_cBUL
080 _aИздания за деца и юноши. Книжки-картинки. Читанки. Вж и 372.4
_b087.5
_z087.5
100 _aДейнс, Кейти
_eпърви автор
_91299
139 _aДейнс, Кейти
_bД 34
245 _aКакво е акото?
_bПърви въпроси и отговори
_cКейти Дейнс ; ил. Марта Алварес Мигенс
260 _9209475
_aКитай
_bФют
_c2019
_n978-619-199- ; 978-954-625-
300 _c20 см
_a12 с.
_bс цв. ил
380 _aDN
501 _aКор. опис. Името на ил. Марта Алварес Мигенс погрешно отпеч. Марта Арварес Мигенс Прев. от англ. ез. Кн. отпеч. на ламиниран картон Доп. тир. 2020
700 _9599
_aАлварес Мигенс, Марта
_eил.
852 _bД
_c61/Д 34 К
852 _bЦб
_aЦб 307112
942 _cKNG
_n0
_s1
_056
944 _aCR
_c2020-12-30
_k30552
_lВиолета Тройчева
944 _aED
_c2021-03-10
_kК.Д.
999 _d392587
999 _d392587
999 _d388807